|
|
|
|
| LEADER |
00701nam a2200181 i 4500 |
| 001 |
misc74709 |
| 005 |
20240509093904.0 |
| 008 |
240509s1909 hu o 000 hun d |
| 040 |
|
|
|a SZTE Miscellanea Repozitórium
|b hun
|
| 041 |
|
|
|a hun
|
| 100 |
1 |
|
|a Tonelli Sándor
|
| 245 |
1 |
0 |
|a Vázlatok Bosznia és Herczegovina közgazdasági életéből
|h [elektronikus dokumentum] :
|b tanulmányúti jelentés /
|c Tonelli Sándor
|
| 260 |
|
|
|a Singer és Wolfner
|b Budapest
|c 1909
|
| 300 |
|
|
|a 159
|c 24 cm
|
| 650 |
|
4 |
|a Bölcsészettudományok
|
| 650 |
|
4 |
|a Történettudomány és régészet
|
| 695 |
|
|
|a Gazdasági élet - Bosznia-Hercegovina
|
| 856 |
4 |
0 |
|u http://misc.bibl.u-szeged.hu/74709/1/xb_162672.pdf
|z Dokumentum-elérés
|